Jurisprudencia administrativa de sociedades anónimas

Saved in:
Bibliografiske detaljer
Main Authors: Guzmán Valenzuela, Alberto (Author), Castro Ossandón, Hernán (Author)
Format: Bog
Sprog:spansk
Udgivet: Santiago Jurídica de Chile 1979
Fag:
Tags: Tilføj Tag
Ingen Tags, Vær først til at tagge denne postø!

MARC

LEADER 00000nam a2200000 a 4500
001 UCY8225
003 CL-VaPUC
008 950703e19790000CL |||||||||||||||||spa|d
082 0 4 |a 346.066  |b GUZ  |2 21 
100 0 |a Guzmán Valenzuela, Alberto  |e author  |9 339473 
700 0 |a Castro Ossandón, Hernán  |e author  |9 339474 
245 1 0 |a Jurisprudencia administrativa de sociedades anónimas 
246 1 0 |a Recopilación de normas e instrucciones de interés para estas sociedades 
300 |a 255 p 
942 |c BK 
945 |d 19950703 00:00:00  |a aalvarez 
260 |a Santiago  |b Jurídica de Chile  |c 1979 
650 7 |a SOCIEDADES ANONIMAS JURISPRUDENCIA  |2 CL-VaPUC  |9 339475 
583 |a last modification  |c 19950703 00:00:00  |k Rodrigo Vera 
999 |c 235501  |d 235499 
952 |0 0  |1 0  |4 0  |6 346_066000000000000_GUZ_1979  |7 0  |8 A  |9 242980  |a BIBDER  |b BIBDER  |d 2019-11-18  |i 2008114  |o 346.066 GUZ 1979  |p 2008114  |r 2023-01-25  |w 2019-11-18  |y BK  |k DER